00550nam a2200169 4500003001100000005001700011008004100028020001500069040003900084041000800123082001600131100002800147245010500175260004100280300002200321650003700343LK-CoMWRAF20231207115557.0231125b2002 |||||||| |||| 00| 0 eng d a9559151045 aLK-CoMWRAFdLK-CoMWRAFeLK-CoMWRAF aeng a348.04bHUS aHussain, M. S. Mohammed aHussain's complete digest of case law of Sri Lanka : 1820-2000, bVol-2 Administrative law to Agents a Kandy : bArafa (Pvt.) Ltd., c2002 avi, 672 p.; 26cm. aLaw reports, digests, -Sri Lanka